LIBRARY & INFORMATION CENTRE, KCAET, TAVANUR

ONLINE PUBLIC ACCESS CATALOGUE (OPAC)

Manual of Specifications and Quantities for Civil Engineers / (Record no. 6824)

MARC details
000 -LEADER
fixed length control field 00393cam a2200145ua 4500
003 - CONTROL NUMBER IDENTIFIER
control field OSt
008 - FIXED-LENGTH DATA ELEMENTS--GENERAL INFORMATION
fixed length control field 250415b |||||||| |||| 00| 0 eng d
082 ## - DEWEY DECIMAL CLASSIFICATION NUMBER
Classification number 624
Item number JOH/MA
100 ## - MAIN ENTRY--AUTHOR NAME
Personal name Johnson, A .
245 ## - TITLE STATEMENT
Title Manual of Specifications and Quantities for Civil Engineers /
250 ## - EDITION STATEMENT
Edition statement 5 /
260 ## - PUBLICATION, DISTRIBUTION, ETC. (IMPRINT)
Place of publication London :
Name of publisher English Universities Press ,
Year of publication 1961.
300 ## - PHYSICAL DESCRIPTION
Number of Pages 200 ; .
942 ## - ADDED ENTRY ELEMENTS (KOHA)
Koha item type Books
Holdings
Withdrawn status Lost status Damaged status Collection code Home library Current library Shelving location Date acquired Full call number Accession Number Koha item type
      Reference KAUAET KAUAET Reference 07/04/2012 624.JOH/MA 3779 Books
free website counter